000 00739nam a22002057a 4500
999 _c2547
_d2547
003 AR-CdUCM
008 190304b ||||| |||| 00| 0 spa d
020 _a84-505--8344-x
040 _aMUNICIPALIDAD PROVINCIAL DEL CUSCO
_cBIBLIOTECA MUNICIPAL DEL CUSCO
082 _a352 /
_bG71
100 _aGonzales-Haba, Vicente M.
_99024
245 _aAdministración y sociedad :
_bReflexiones criticas /
260 _aGranada :
_bImpr.Copartgraf
_c1989.
300 _a94 paginas ;
_c20 cm.
505 _aContenido :Vieja y nueva administración --Reforma administrativa --Administración local --Los ciudadanos ante el poder ...
650 _aSociedad
_953
650 _aReformas administrativas
_99025
942 _2ddc
_cLIBROS
945 _arjall